| 000 | 00000nam 2200000zi 4500 |
| 001 | 9.936970 |
| 003 | CaOODSP |
| 005 | 20240417130155 |
| 006 | m o d f |
| 007 | cr mn||||||||| |
| 008 | 240417s2020 quc o f000 0 eng d |
| 040 | |aCaOODSP|beng|erda|cCaOODSP |
| 043 | |an-cn--- |
| 045 | |ay1y1 |
| 086 | 1 |aEn4-403/2020-1E-PDF |
| 245 | 00|aAt a glance : |bjoint audit and evaluation of the management of the Pan-Canadian Framework, Environment and Climate Change Canada. |
| 264 | 1|a[Gatineau, Quebec] : |bEnvironment and Climate Change Canada = Environnement et changement climatique Canada, |c[2020] |
| 300 | |a1 online resource (5 pages) |
| 336 | |atext|btxt|2rdacontent |
| 337 | |acomputer|bc|2rdamedia |
| 338 | |aonline resource|bcr|2rdacarrier |
| 500 | |aIssued also in French under title: Regards sur l'audit et évaluation conjoint de la gestion du Cadre pancanadien, Environnement et changement climatique Canada. |
| 610 | 20|aPan-Canadian Framework on Clean Growth and Climate Change|xAuditing. |
| 610 | 20|aPan-Canadian Framework on Clean Growth and Climate Change|xEvaluation. |
| 650 | 0|aClimate change mitigation|xGovernment policy|zCanada|xAuditing. |
| 650 | 0|aClimate change mitigation|xGovernment policy|zCanada|xEvaluation. |
| 710 | 1 |aCanada. |bEnvironment and Climate Change Canada. |bAudit and Evaluation Branch, |eissuing body. |
| 775 | 08|tRegards sur l'audit et évaluation conjoint de la gestion du Cadre pancanadien, Environnement et changement climatique Canada.|w(CaOODSP)9.936972 |
| 856 | 40|qPDF|s185 KB|uhttps://publications.gc.ca/collections/collection_2024/eccc/en4/En4-403-2020-1-eng.pdf |
| 856 | 4 |qHTML|sN/A|uhttps://www.canada.ca/en/environment-climate-change/corporate/transparency/priorities-management/internal-audits/audit-evaluation-management-pan-canadian-framework.html |